000 00666nam a2200205Ia 4500
005 20250923150004.0
008 008 250917s9999 xx 000 0 eng d
037 _aTextual
040 _aDSWL
_beng
_cDSWL
041 _aeng
_2eng
084 _aY720aYx;5-H.251'N98tu, N99
_qDSWL
100 _aChowdhary, M.
_9841040
245 0 _aTribal Culture & acceptance of modern medical facilities : A study of santals in west Bengal
_c by M. Chowdhary
260 _aDelhi
_b Dipartment of D.S.W
_c1999
300 _avi,77,9 p.
365 _bGift
925 _gGift
942 _cTEXL
_hY720aYx;5-H.251'N98tu, N99
999 _c1458213
_d1458213